000 00710nam a2200181Ia 4500
008 090124s9999 xx 000 0 und d
082 _b24334
100 _aदेशपांडे कृ. पं.
245 _a महाराष्ट्र दर्शन - संदर्भ सूची
250 _a0
260 _bअतुल प्रकाशन
_c1986
300 _a37
600 _aदेशपांडे कृ. पं.
630 _a महाराष्ट्र दर्शन - संदर्भ सूची
700 _aदेशपांडे कृ. पं.
730 _a महाराष्ट्र दर्शन - संदर्भ सूची
942 _cBOOK
999 _c92845
_d92845